| 000 | 00755nam a2200217Ii 4500 | ||
|---|---|---|---|
| 001 | 20571 | ||
| 003 | CO-ViMGA | ||
| 008 | 241108s9999||||xx |||||||||||||| ||und|| | ||
| 020 | _a9789585935112 | ||
| 040 |
_aCO-ViMGA _bspa _erda _cCO-ViMGA |
||
| 041 | 0 | _aspa | |
| 082 | 0 | 4 | _a591.7680986194 R62fa |
| 100 | 1 |
_aAbelardo Rodríguez-Bolaños _944205 |
|
| 245 | 1 | 0 | _aFauna de los bosques de las cuencas de los ríos Planas y Tillavá, Puerto Gaitán, Meta, Colombia |
| 264 | 1 | _aBogotá, Colombia : Cormacarena : Universidad Distrital Francisco José de Caldas, 2015 | |
| 300 | _avolumen | ||
| 336 |
_atext _btxt _2rdacontent |
||
| 337 |
_aunmediated _bn _2rdamedia |
||
| 338 |
_avolume _bnc _2rdacarrier |
||
| 940 | _aidficha_siabuc: 20226. -- ficha_no_siabuc:20571 | ||
| 999 |
_c38658 _d38658 |
||